| 000 | 00000cam 2200000za 4500 |
| 001 | 9.695729 |
| 003 | CaOODSP |
| 005 | 20260430095938 |
| 007 | cr ||||||||||| |
| 008 | 150407|1992||||xxc|||||o f|0| 0 eng d |
| 040 | |aCaOODSP|beng |
| 043 | |an-cn--- |
| 086 | 1 |aH72-21/77-1992E-PDF |
| 110 | 2 |aNational Clearinghouse on Family Violence (Canada). |
| 245 | 10|aCounselling for change : |h[electronic resource]|bevolutionary trends in counselling services for women who are abused and for their children in Canada / |cby Linda MacLeod. |
| 260 | |aOttawa - Ontario : |bHealth Canada. |cDecember 1990. |
| 300 | |a32p. |
| 500 | |aThe catalogue number (H72-21/77-1992E) and ISBN (0-662-19909-X) for the print edition have been incorrectly copied in this electronic publication. |
| 500 | |aThe publication file in PDF format was replaced on 30 April 2026 with a version redacted by Health Canada for reasons of public safety. |
| 590 | |a12-14-Supp|b2012-04-10 |
| 720 | 1 |aMacLeod, Linda |
| 776 | 0#|tCounselling for change: evolutionary trends in counselling services for women who are abused and for their children in Canada / |w(CaOODSP)9.644587 |
| 856 | 40|ahttp://publications.gc.ca|qPDF|s7.32 MB|uhttps://publications.gc.ca/collections/Collection/H72-21-77-1992E.pdf |